Top 12 San Antonio Spurs of All-Time - Statistics

General Stats
  • This quiz has been taken 243 times
    227 since last reset
  • The average score is 8 of 12
Answer Stats
# Player Win Shares % Correct
1 Tim Duncan 206.4
100%
3 Tony Parker 110.4
99%
2 David Robinson 178.7
98%
5 Manu Ginobili 106.4
95%
7 Kawhi Leonard 56.3
89%
4 George Gervin 107.4
83%
10 LaMarcus Aldridge 42.8
58%
9 Avery Johnson 47.3
45%
11 Artis Gilmore 40.2
34%
8 Sean Elliott 54.3
32%
6 James Silas 57.9
18%
12 Larry Kenon 37.4
17%
No matching quizzes found
Score Distribution
Percent of People with Each Score
Percentile by Number Answered
Your Score History
You have not taken this quiz since the last reset